000 00336nam a2200145Ia 4500
008 150201s2007 xx 000 0 und d
082 _a615
_bC07C
100 _aCUPP,MJ
245 _aCLINICAL & CLINICAL PHARMACOLOGY
250 _a1ST
260 _bFREEMAN
_aTOTORA
_c2007
300 _a1-324
650 _aPHARMACOLOGY
942 _2ddc
_cBK
999 _c385
_d385